| 000 | 00513nam a2200157Ia 4500 | ||
|---|---|---|---|
| 999 |
_c19687 _d19687 |
||
| 003 | OSt | ||
| 005 | 20200703145613.0 | ||
| 008 | 190216s9999||||xx |||||||||||||| ||und|| | ||
| 040 | _coclc | ||
| 082 |
_a940.23 _bDUR/R |
||
| 100 |
_aDurant, Will _92822 |
||
| 245 | 4 |
_aThe Reformation: _bA History Of European Civilization from Wyclif to Calvin 1300-1564 / _cWill Durant |
|
| 260 |
_bSimon And Schuster, _c1957. _aNew York: |
||
| 300 | _a1025p | ||
| 942 |
_cBK _2ddc _h940.23 _iDUR/R _k940.23 _mDUR/R |
||